The best intentions (Record no. 47602)
[ view plain ]
| 000 -LEADER | |
|---|---|
| fixed length control field | 01507nam a2200325 a 4500 |
| 082 04 - DEWEY DECIMAL CLASSIFICATION NUMBER | |
| Classification number | 304.6/66/0973 |
| 245 04 - TITLE STATEMENT | |
| Title | The best intentions |
| 260 ## - PUBLICATION, DISTRIBUTION, ETC. (IMPRINT) | |
| Place of publication | Washington, D.C. : |
| Name of publisher | National Academy Press, |
| Year of publication | 1995. |
| 300 ## - PHYSICAL DESCRIPTION | |
| Number of Pages | ix, 380 p. : |
| Other physical details | ill. |
| 650 #0 - SUBJECT ADDED ENTRY--TOPICAL TERM | |
| Topical Term | Pregnancy, Unwanted |
| Topical Term | Birth control |
| Topical Term | Birth control clinics |
| 700 1# - ADDED ENTRY--PERSONAL NAME | |
| Personal name | Brown, Sarah S. |
| Personal name | Eisenberg, Leon, |
| 856 40 - ELECTRONIC LOCATION AND ACCESS | |
| Uniform Resource Identifier | http://site.ebrary.com/lib/rucke/Doc?id=10063002 |
No items available.
